[Event "ODEM U25B 2011"]
[Site "Oberhof GER"]
[Date "2011.06.12"]
[Round "1"]
[White "Thumm, Niklas"]
[Black "Oberhofer, Cédric"]
[Result "0-1"]
[Termination "normal"]
[Board "16"]
[WhiteElo "1016"]
[BlackElo "1409"]
[PlyCount "80"]
[WhiteFideId "12918733"]
[BlackFideId "12941220"]
[EventCountry "GER"]
[EventRounds "9"]
[EventType "swiss"]
[EventDate "2011.06.11"]

1. e4 c5 2. Nc3 Nc6 3. Nf3 d6 4. Bb5 Bd7 5. d3 a6 6. Ba4 b5 7. Bb3 Nf6 8. Ng5
e6 9. O-O h6 10. Nf3 Be7 11. Bf4 O-O 12. a4 b4 13. Ne2 Na5 14. c3 Nxb3 15. Qxb3
bxc3 16. bxc3 Rb8 17. Qc4 Qb6 18. Rab1 Qxb1 19. Rxb1 Rxb1+ 20. Nc1 Ra1 21. Qxa6
Rxa4 22. Qb7 Raa8 23. h3 Rab8 24. Qc7 Rfc8 25. Qa5 Rb1 26. e5 dxe5 27. Nxe5 Nd5
28. Bd2 Nf6 29. Qa7 Rd8 30. Nc6 Bxc6 31. Qxe7 Rxd3 32. Bf4 Rxc1+ 33. Bxc1 Rd1+
34. Kh2 Rxc1 35. Qxc5 Bd5 36. Qa3 Rc2 37. Qc5 Ne4 38. Qc8+ Kh7 39. Qd7 Rxf2 40.
c4 Rxg2+ 0-1

[Event "ODEM U25B 2011"]
[Site "Oberhof GER"]
[Date "2011.06.12"]
[Round "1"]
[White "Alt, Elisabeth"]
[Black "Michalowski, Sophia"]
[Result "1-0"]
[Termination "normal"]
[Board "17"]
[WhiteElo "1402"]
[BlackElo "1014"]
[PlyCount "119"]
[WhiteFideId "24692620"]
[BlackFideId "12902454"]
[EventCountry "GER"]
[EventRounds "9"]
[EventType "swiss"]
[EventDate "2011.06.11"]

1. e4 d5 2. exd5 Qxd5 3. Nc3 Qa5 4. d4 Nf6 5. Bd2 c6 6. Nf3 Bf5 7. Be2 Nbd7 8.
O-O e6 9. Re1 Bb4 10. a3 Bxc3 11. Bxc3 Qd8 12. Bb4 a5 13. Bd6 Ne4 14. Be5 Nxe5
15. Nxe5 O-O 16. Bf3 Qd5 17. Nd7 Qxd7 18. Bxe4 Bxe4 19. Rxe4 Qd5 20. Re5 Qd6
21. c3 Rad8 22. Rxa5 b6 23. Ra6 c5 24. g3 cxd4 25. Qxd4 Qxd4 26. cxd4 Rxd4 27.
Rxb6 Rfd8 28. b4 R4d6 29. Rxd6 Rxd6 30. a4 Rb6 31. b5 Kf8 32. Rc1 Rb7 33. Rc5
Ra7 34. b6 Rxa4 35. b7 Rb4 36. Rc8+ Ke7 37. b8=Q Rxb8 38. Rxb8 Kf6 39. Kg2 Kg6
40. f4 Kf6 41. g4 h6 42. h4 g5 43. hxg5+ hxg5 44. Kf3 gxf4 45. Kxf4 e5+ 46. Ke4
Kg5 47. Rg8+ Kf6 48. g5+ Ke6 49. Re8+ Kd7 50. Rxe5 Kc6 51. Rf5 Kd6 52. Rxf7 Kc5
53. g6 Kd6 54. g7 Kc5 55. g8=Q Kd6 56. Qg6+ Kc5 57. Rf5+ Kc4 58. Qc6+ Kb3 59.
Rb5+ Ka3 60. Qa6# 1-0

[Event "ODEM U25B 2011"]
[Site "Oberhof GER"]
[Date "2011.06.12"]
[Round "1"]
[White "Morio, Estelle"]
[Black "Edel, Fenja"]
[Result "0-1"]
[Termination "normal"]
[Board "18"]
[WhiteElo "1012"]
[BlackElo "1537"]
[PlyCount "84"]
[WhiteFideId "12951951"]
[BlackFideId "24696749"]
[EventCountry "GER"]
[EventRounds "9"]
[EventType "swiss"]
[EventDate "2011.06.11"]

1. f4 e6 2. Nf3 d5 3. e3 Nf6 4. Be2 Be7 5. O-O O-O 6. b3 c5 7. d4 Nc6 8. Bb2
Ne4 9. Nc3 f5 10. Na4 cxd4 11. Nxd4 Bf6 12. Rc1 Bd7 13. Nc3 Nxd4 14. exd4 Qb6
15. Nxe4 dxe4 16. c4 Rad8 17. Rc2 e5 18. fxe5 Bxe5 19. Rd2 Bf6 20. c5 Qc7 21.
b4 Bg5 22. Rc2 Bf4 23. h3 Be3+ 24. Kh1 Qg3 25. Rc3 f4 26. Qe1 Qxe1 27. Rxe1 Bd2
28. Rf1 Bxc3 29. Bxc3 Bc6 30. Rg1 f3 31. Bc4+ Bd5 32. Bxd5+ Rxd5 33. a4 f2 34.
Rf1 e3 35. g3 e2 36. Rxf2 Rxf2 37. Kg1 Rdf5 38. h4 Rf1+ 39. Kh2 R5f2+ 40. Kh3
h5 41. g4 Rf3+ 42. Kg2 Rxc3 0-1

[Event "ODEM U25B 2011"]
[Site "Oberhof GER"]
[Date "2011.06.12"]
[Round "1"]
[White "Nobis, Philipp"]
[Black "Hoffmann, Rasmus"]
[Result "1-0"]
[Termination "normal"]
[Board "19"]
[WhiteElo "1396"]
[BlackElo "990"]
[PlyCount "61"]
[WhiteFideId "24602183"]
[EventCountry "GER"]
[EventRounds "9"]
[EventType "swiss"]
[EventDate "2011.06.11"]

1. c4 c5 2. g3 d6 3. Bg2 Nf6 4. Nc3 a6 5. e3 e6 6. Nge2 d5 7. cxd5 exd5 8. d4
c4 9. O-O Be6 10. Nf4 Be7 11. b3 b5 12. a4 b4 13. Nxe6 fxe6 14. Ne2 Ra7 15. Nf4
Qd7 16. Bh3 Kf7 17. Bxe6+ Qxe6 18. Nxe6 Kxe6 19. Bb2 c3 20. Bc1 a5 21. Ra2 Rc7
22. Rc2 Rhc8 23. Qe2 h5 24. f3 g6 25. e4 dxe4 26. fxe4 Nc6 27. d5+ Nxd5 28.
exd5+ Kxd5 29. Qf3+ Ke6 30. Re2+ Ne5 31. Qf7+ 1-0

[Event "ODEM U25B 2011"]
[Site "Oberhof GER"]
[Date "2011.06.12"]
[Round "1"]
[White "Granzin, David"]
[Black "Puffay, Jana"]
[Result "0-1"]
[Termination "normal"]
[Board "20"]
[WhiteElo "975"]
[BlackElo "1394"]
[PlyCount "84"]
[WhiteFideId "12922145"]
[BlackFideId "24692360"]
[EventCountry "GER"]
[EventRounds "9"]
[EventType "swiss"]
[EventDate "2011.06.11"]

1. e4 c5 2. Nc3 Nc6 3. g3 g6 4. Bg2 Bg7 5. d3 Nf6 6. f4 d6 7. Nf3 O-O 8. O-O c4
9. h3 cxd3 10. cxd3 Qb6+ 11. Kh2 Nd4 12. Be3 Nxf3+ 13. Qxf3 Qxb2 14. Bd4 Ng4+
15. hxg4 Bxd4 16. Ne2 Bg7 17. Qe3 Bxg4 18. Bf3 Bxf3 19. Qxf3 Rac8 20. a4 Rc2
21. Rfe1 Bc3 22. Rab1 Qa2 23. Kh3 Bxe1 24. Rxe1 Qxa4 25. g4 b5 26. Rh1 b4 27.
Kg2 b3 28. Qh3 Rxe2+ 29. Kf3 Rf2+ 30. Kxf2 Qd4+ 31. Ke2 Qg7 32. Ke3 Rb8 33. f5
b2 34. Rb1 Rc8 35. Kd2 Qc3+ 36. Ke3 Qc1+ 37. Rxc1 bxc1=Q+ 38. Kf3 Rc3 39. Kg2
Qd2+ 40. Kg1 Rc1+ 41. Qf1 Rxf1+ 42. Kxf1 a5 0-1

[Event "ODEM U25B 2011"]
[Site "Oberhof GER"]
[Date "2011.06.12"]
[Round "1"]
[White "Mann, Jonas"]
[Black "Binner, Pascal"]
[Result "1-0"]
[Termination "normal"]
[Board "21"]
[WhiteElo "1381"]
[BlackElo "975"]
[PlyCount "61"]
[WhiteFideId "12900214"]
[BlackFideId "12949914"]
[EventCountry "GER"]
[EventRounds "9"]
[EventType "swiss"]
[EventDate "2011.06.11"]

1. Nc3 d6 2. e4 g6 3. Nf3 Bg7 4. d4 Nd7 5. Be3 e5 6. d5 Ngf6 7. Qd2 O-O 8.
O-O-O Ne8 9. Bh6 a5 10. Bxg7 Kxg7 11. h4 Nc5 12. h5 Nf6 13. hxg6 fxg6 14. Qh6+
Kh8 15. Ng5 Qe7 16. Qxg6 c6 17. Be2 b5 18. dxc6 Rd8 19. Nf7+ Qxf7 20. Qxf7 Ne6
21. Qxf6+ Kg8 22. Nd5 Ra7 23. Ne7+ Rxe7 24. Qxe7 b4 25. Rxd6 Rxd6 26. Qxd6 Nf8
27. Bc4+ Be6 28. Bxe6+ Nxe6 29. Qxe6+ Kf8 30. Rxh7 b3 31. Qf7# 1-0

[Event "ODEM U25B 2011"]
[Site "Oberhof GER"]
[Date "2011.06.12"]
[Round "1"]
[White "Maiwald, Lars"]
[Black "Eggert, André"]
[Result "0-1"]
[Termination "normal"]
[Board "22"]
[WhiteElo "940"]
[BlackElo "1517"]
[PlyCount "114"]
[WhiteFideId "12958999"]
[BlackFideId "1270464"]
[EventCountry "GER"]
[EventRounds "9"]
[EventType "swiss"]
[EventDate "2011.06.11"]

1. d4 d5 2. c4 c6 3. Nf3 Nf6 4. Nc3 Bf5 5. cxd5 cxd5 6. Qb3 b6 7. e4 dxe4 8.
Bb5+ Bd7 9. Ne5 e6 10. Bg5 Be7 11. O-O O-O 12. Bxf6 Bxf6 13. Nxe4 Bxe5 14. dxe5
Qe7 15. Bxd7 Nxd7 16. f4 Nc5 17. Nxc5 Qxc5+ 18. Kh1 Rac8 19. Qa3 Qxa3 20. bxa3
Rfd8 21. g3 g6 22. Rac1 Rxc1 23. Rxc1 Rd3 24. a4 Ra3 25. Kg2 Rxa2+ 26. Kh3 Rxa4
27. Kg4 h6 28. h4 Kg7 29. h5 b5 30. hxg6 Kxg6 31. Rc8 Kg7 32. Kh5 b4 33. g4 Ra1
34. g5 hxg5 35. Kxg5 a5 36. f5 Rg1+ 37. Kf4 Rf1+ 38. Kg5 Rxf5+ 39. Kg4 Rxe5 40.
Kf4 Re1 41. Ra8 Ra1 42. Ke5 b3 43. Rb8 a4 44. Kd4 Ra2 45. Kc3 Kf6 46. Ra8 b2
47. Kc2 a3 48. Ra5 Ra1 49. Rb5 Rc1+ 50. Kd2 b1=Q 51. Rxb1 Rxb1 52. Kc2 a2 53.
Kd2 a1=Q 54. Kc2 Rb4 55. Kd2 Qa3 56. Kc2 Rb2+ 57. Kc1 Qa1# 0-1

[Event "ODEM U25B 2011"]
[Site "Oberhof GER"]
[Date "2011.06.12"]
[Round "1"]
[White "Hallbauer, Emil Karlsson"]
[Black "Titgemeyer, Eva Maria"]
[Result "0-1"]
[Termination "normal"]
[Board "24"]
[WhiteElo "856"]
[BlackElo "1361"]
[PlyCount "80"]
[BlackFideId "24655350"]
[EventCountry "GER"]
[EventRounds "9"]
[EventType "swiss"]
[EventDate "2011.06.11"]

1. e4 e5 2. Nf3 Nc6 3. d4 exd4 4. Nxd4 Bc5 5. Be3 Qf6 6. Nxc6 Bxe3 7. fxe3 bxc6
8. Bc4 Qh4+ 9. g3 Qxe4 10. Bxf7+ Kxf7 11. Rf1+ Nf6 12. Nc3 Qxe3+ 13. Ne2 Re8
14. Rf2 Kg8 15. h3 Qxg3 16. Kf1 Qxh3+ 17. Kg1 Bb7 18. Nf4 Qg4+ 19. Qxg4 Nxg4
20. Rg2 Ne3 21. Rg3 Nxc2 22. Rf1 Re1 23. Nh5 Rxf1+ 24. Kxf1 g6 25. Nf6+ Kg7 26.
Nh5+ Kh8 27. Nf6 Rf8 28. Rf3 Kg7 29. Nh5+ gxh5 30. Rxf8 Kxf8 31. Kg2 Kg7 32.
Kh3 d5 33. Kh4 d4 34. Kxh5 d3 35. Kg5 d2 36. Kf5 d1=Q 37. Ke6 Qd5+ 38. Ke7 Qf7+
39. Kd8 Kf6 40. b4 Qe7# 0-1

[Event "ODEM U25B 2011"]
[Site "Oberhof GER"]
[Date "2011.06.12"]
[Round "1"]
[White "Wolf, Sascha"]
[Black "Lilienthal, Niels Bennett"]
[Result "1-0"]
[Termination "normal"]
[Board "25"]
[WhiteElo "1358"]
[BlackElo "853"]
[PlyCount "99"]
[BlackFideId "16205421"]
[EventCountry "GER"]
[EventRounds "9"]
[EventType "swiss"]
[EventDate "2011.06.11"]

1. g3 e5 2. Bg2 Nf6 3. d4 exd4 4. Qxd4 Nc6 5. Bxc6 bxc6 6. e4 c5 7. Qd3 d6 8.
Nc3 Bb7 9. Qb5+ Nd7 10. Qxb7 Rb8 11. Qxa7 Qf6 12. Qa4 Rb4 13. Qa8+ Qd8 14.
Qxd8+ Kxd8 15. a3 Rc4 16. Bd2 g6 17. b3 Rd4 18. Be3 Bg7 19. Bxd4 Bxd4 20. Kd2
Bxf2 21. Rf1 Bxg1 22. Rhxg1 Ne5 23. Nd5 g5 24. Ne3 Re8 25. Rf5 g4 26. Rf4 Nf3+
27. Rxf3 gxf3 28. Rf1 Rxe4 29. Rxf3 c6 30. Rxf7 d5 31. Rf4 Re6 32. c3 h5 33.
Rf5 Rh6 34. Nxd5 cxd5 35. Rxd5+ Ke7 36. Rxc5 Kd6 37. Ra5 h4 38. Ra6+ Kc5 39.
Rxh6 hxg3 40. hxg3 Kb5 41. Kd3 Ka5 42. Rd6 Kb5 43. Kd4 Ka5 44. Rc6 Kb5 45. Rc4
Ka6 46. Kc5 Kb7 47. Kd6 Kb6 48. Rb4+ Ka5 49. Kc6 Ka6 50. Ra4# 1-0

[Event "ODEM U25B 2011"]
[Site "Oberhof GER"]
[Date "2011.06.12"]
[Round "1"]
[White "ter Stal, Esther"]
[Black "Rößler, Linus Benedict"]
[Result "1-0"]
[Termination "normal"]
[Board "26"]
[WhiteElo "847"]
[BlackElo "1523"]
[PlyCount "73"]
[WhiteFideId "12944467"]
[BlackFideId "12921076"]
[EventCountry "GER"]
[EventRounds "9"]
[EventType "swiss"]
[EventDate "2011.06.11"]

1. d4 d5 2. Nf3 e6 3. e3 Nf6 4. Bd3 Be7 5. c3 O-O 6. Nbd2 b6 7. O-O Bb7 8. Re1
c5 9. e4 dxe4 10. Nxe4 Nxe4 11. Bxe4 Bxe4 12. Rxe4 Nc6 13. Bf4 cxd4 14. cxd4
Nb4 15. a3 Nd5 16. Be5 Bf6 17. Bxf6 Qxf6 18. Ne5 Qe7 19. Qb3 Rac8 20. h3 Qg5
21. Nf3 Qe7 22. Qxd5 Rc7 23. Qg5 Qxg5 24. Nxg5 h6 25. Nf3 Rfc8 26. Ree1 Rc2 27.
Rab1 R2c4 28. Red1 f6 29. d5 e5 30. Nh4 Rd8 31. Nf5 Kh7 32. d6 Rc6 33. Rbc1
Rxc1 34. Rxc1 Kg6 35. g4 Kf7 36. Rc7+ Ke8 37. Nxg7+ 1-0

[Event "ODEM U25B 2011"]
[Site "Oberhof GER"]
[Date "2011.06.12"]
[Round "1"]
[White "Resch, Andreas"]
[Black "Niewrzol, Anton"]
[Result "1-0"]
[Termination "normal"]
[Board "27"]
[WhiteElo "1351"]
[BlackElo "835"]
[PlyCount "47"]
[EventCountry "GER"]
[EventRounds "9"]
[EventType "swiss"]
[EventDate "2011.06.11"]

1. e4 e5 2. Nf3 Nc6 3. d4 d6 4. Bb5 Bd7 5. Nc3 Nf6 6. O-O Be7 7. Re1 O-O 8.
Bxc6 Bxc6 9. Bg5 d5 10. Bxf6 Bxf6 11. dxe5 dxe4 12. Nxe4 Bxe5 13. Nxe5 Re8 14.
Nxc6 Qxd1 15. Raxd1 bxc6 16. Nc5 h6 17. Rxe8+ Rxe8 18. Kf1 Kh7 19. Rd7 f5 20.
Rxc7 Kg6 21. Rxc6+ Kg5 22. Ne6+ Kg6 23. Nc7+ Kg5 24. Nxe8 1-0

[Event "ODEM U25B 2011"]
[Site "Oberhof GER"]
[Date "2011.06.12"]
[Round "1"]
[White "Fabiunke, Jakob"]
[Black "Polert, Jesper"]
[Result "1-0"]
[Termination "normal"]
[Board "29"]
[WhiteElo "1344"]
[BlackElo "809"]
[PlyCount "57"]
[WhiteFideId "24686085"]
[EventCountry "GER"]
[EventRounds "9"]
[EventType "swiss"]
[EventDate "2011.06.11"]

1. d4 c6 2. c4 d5 3. Nc3 Bf5 4. Nf3 Nf6 5. Bg5 Nbd7 6. e3 e6 7. Be2 Be7 8. Rc1
Qc7 9. cxd5 cxd5 10. O-O Qb8 11. Nb5 Bd6 12. Bf4 Bxf4 13. exf4 O-O 14. Nc7 Nb6
15. Nxa8 Nxa8 16. Ne5 Nb6 17. Qd2 Ne4 18. Qb4 f6 19. Nd3 Re8 20. f3 Nd6 21.
Rfe1 Ndc4 22. Bf1 Bxd3 23. Bxd3 Qxf4 24. Qc5 Rc8 25. Qe7 Qxd4+ 26. Kh1 Qxd3 27.
Qxe6+ Kh8 28. Qe8+ Rxe8 29. Rxe8# 1-0

[Event "ODEM U25B 2011"]
[Site "Oberhof GER"]
[Date "2011.06.12"]
[Round "1"]
[White "Riehle, Fabio"]
[Black "Müller, Philipp"]
[Result "0-1"]
[Termination "normal"]
[Board "30"]
[WhiteElo "808"]
[BlackElo "1328"]
[PlyCount "102"]
[WhiteFideId "36052140"]
[EventCountry "GER"]
[EventRounds "9"]
[EventType "swiss"]
[EventDate "2011.06.11"]

1. e4 e5 2. Nf3 Nc6 3. d4 exd4 4. Bc4 Bc5 5. c3 dxc3 6. Bxf7+ Kxf7 7. Qd5+ Ke8
8. Qh5+ Kf8 9. Qxc5+ d6 10. Qxc3 Nf6 11. Bg5 Qe7 12. Nbd2 Kf7 13. O-O h6 14.
Bf4 Re8 15. Qc4+ Qe6 16. Qxe6+ Rxe6 17. Rfe1 Nh5 18. Bg5 Bd7 19. Nc4 Rae8 20.
Ncd2 Nf6 21. Bxf6 Rxf6 22. Re2 Bg4 23. Rae1 Rfe6 24. Nc4 Bxf3 25. gxf3 Nd4 26.
Re3 Nc2 27. f4 Nxe1 28. Rxe1 Rxe4 29. Rxe4 Rxe4 30. Nd2 Rxf4 31. Nb3 Re4 32.
Na5 Rb4 33. a3 Rxb2 34. Nc4 Re2 35. Na5 b6 36. Nb7 Ke7 37. f4 Ra2 38. f5 Rxa3
39. Kf2 Kd7 40. f6 gxf6 41. h4 Kc8 42. Nc5 bxc5 43. h5 Rb3 44. Ke2 c4 45. Kd2
a5 46. Kc2 a4 47. Kd1 a3 48. Kc2 a2 49. Kc1 a1=Q+ 50. Kc2 Qa2+ 51. Kd1 Rb1# 0-1

[Event "ODEM U25B 2011"]
[Site "Oberhof GER"]
[Date "2011.06.12"]
[Round "2"]
[White "Wolfer, Joshua"]
[Black "Eggert, André"]
[Result "1-0"]
[Termination "normal"]
[Board "1"]
[WhiteElo "1550"]
[BlackElo "1517"]
[PlyCount "87"]
[WhiteFideId "12945668"]
[BlackFideId "1270464"]
[EventCountry "GER"]
[EventRounds "9"]
[EventType "swiss"]
[EventDate "2011.06.11"]

1. e4 d5 2. exd5 Qxd5 3. Nc3 Qa5 4. Bc4 Nf6 5. d3 c6 6. Bd2 Qc7 7. Nf3 Bg4 8.
Qe2 Nbd7 9. O-O-O e6 10. Rde1 Bd6 11. Ne4 Bf4 12. h3 Nxe4 13. Qxe4 Bxd2+ 14.
Kxd2 Bxf3 15. gxf3 O-O-O 16. Rhg1 g6 17. Qe3 Qb6 18. Bb3 Nc5 19. Rg2 Nxb3+ 20.
axb3 Qxe3+ 21. fxe3 Kc7 22. Kc3 b5 23. Ra1 Kb6 24. Rg4 f5 25. Rgg1 Rd7 26. Ra2
Ra8 27. Rga1 a6 28. d4 Rg7 29. Kd3 g5 30. c4 h6 31. Kc3 Rd7 32. e4 f4 33. Rd1
Rad8 34. b4 e5 35. d5 Ra8 36. Rda1 Rda7 37. dxc6 bxc4 38. Kxc4 Rd8 39. Ra5 Rc8
40. b5 Rca8 41. Rxa6+ Rxa6 42. Rxa6+ Rxa6 43. bxa6 Kxc6 44. b4 1-0

[Event "ODEM U25B 2011"]
[Site "Oberhof GER"]
[Date "2011.06.12"]
[Round "2"]
[White "Titgemeyer, Eva Maria"]
[Black "Reimann, Matthias"]
[Result "1/2-1/2"]
[Termination "normal"]
[Board "2"]
[WhiteElo "1361"]
[BlackElo "1541"]
[PlyCount "53"]
[WhiteFideId "24655350"]
[BlackFideId "12928046"]
[EventCountry "GER"]
[EventRounds "9"]
[EventType "swiss"]
[EventDate "2011.06.11"]

1. e4 d6 2. d4 Nf6 3. Nc3 g6 4. Be3 Bg7 5. Qd2 O-O 6. Bh6 Nc6 7. Bxg7 Kxg7 8.
d5 Ne5 9. f4 Ned7 10. O-O-O c6 11. dxc6 bxc6 12. g3 Qa5 13. Nf3 Rb8 14. Bc4 Qb4
15. Bb3 c5 16. Qe2 Qa5 17. e5 dxe5 18. fxe5 Ba6 19. Qe3 Nxe5 20. Qxe5 Rfe8 21.
Ne4 Bb7 22. Rhe1 Bxe4 23. Rxe4 Kg8 24. Ra4 Qb6 25. Qe2 Rb7 26. Qc4 Rf8 27. Ra6
1/2-1/2

[Event "ODEM U25B 2011"]
[Site "Oberhof GER"]
[Date "2011.06.12"]
[Round "2"]
[White "Hartewig, Anja"]
[Black "Fischer, Felix"]
[Result "0-1"]
[Termination "normal"]
[Board "3"]
[WhiteElo "1539"]
[BlackElo "1373"]
[PlyCount "102"]
[WhiteFideId "12917966"]
[EventCountry "GER"]
[EventRounds "9"]
[EventType "swiss"]
[EventDate "2011.06.11"]

1. d4 d5 2. c4 e6 3. Nc3 Nf6 4. cxd5 exd5 5. Bg5 Be7 6. Qc2 O-O 7. e3 Bg4 8.
Bd3 Nbd7 9. Nge2 h6 10. Bh4 c6 11. O-O Nh5 12. Bxe7 Qxe7 13. Rac1 Qg5 14. f4
Qe7 15. Nd1 Rfe8 16. a3 Ndf6 17. b4 Rac8 18. Qd2 a6 19. Qe1 Ne4 20. h3 Bxe2 21.
Bxe2 Nhg3 22. Rf3 Nxe2+ 23. Qxe2 a5 24. Rb1 a4 25. Rc1 Nd6 26. Qd3 Nc4 27. Kh2
h5 28. Rc3 h4 29. Qe2 Nd6 30. Nb2 Nf5 31. Qd3 Qe4 32. Nxa4 b5 33. Nc5 Qxd3 34.
Rxd3 Ng3 35. Nb7 Re7 36. Na5 Nf5 37. Kg1 Re6 38. Kf2 Rce8 39. Rc3 Rc8 40. Nb7
Ng3 41. f5 Ne4+ 42. Kf1 Re7 43. Rc2 Rxb7 44. Rf4 Ra7 45. Ra2 Rca8 46. Rxh4 Rxa3
47. Rxa3 Rxa3 48. Ke2 Rb3 49. Rf4 Rxb4 50. g4 Rb2+ 51. Kd3 Rd2# 0-1

[Event "ODEM U25B 2011"]
[Site "Oberhof GER"]
[Date "2011.06.12"]
[Round "2"]
[White "Werner, Justus"]
[Black "Bauer, David"]
[Result "1-0"]
[Termination "normal"]
[Board "4"]
[WhiteElo "1344"]
[BlackElo "1531"]
[PlyCount "47"]
[WhiteFideId "12941107"]
[BlackFideId "12913197"]
[EventCountry "GER"]
[EventRounds "9"]
[EventType "swiss"]
[EventDate "2011.06.11"]

1. c4 g6 2. Nc3 Bg7 3. g3 e5 4. Bg2 f5 5. e3 Nf6 6. d4 e4 7. Nge2 c6 8. O-O d5
9. cxd5 cxd5 10. a3 O-O 11. Qc2 b6 12. b4 Nbd7 13. Nf4 Nb8 14. Qb3 Kh8 15.
Ncxd5 Nxd5 16. Qxd5 Qxd5 17. Nxd5 Rf7 18. Bb2 Be6 19. Nf4 Bc4 20. Rfc1 b5 21.
a4 Nc6 22. axb5 Bxb5 23. Rc5 a6 24. Rxb5 1-0

[Event "ODEM U25B 2011"]
[Site "Oberhof GER"]
[Date "2011.06.12"]
[Round "2"]
[White "Sommer, Konstantin"]
[Black "Wolf, Sascha"]
[Result "0-1"]
[Termination "normal"]
[Board "5"]
[WhiteElo "1502"]
[BlackElo "1358"]
[PlyCount "72"]
[WhiteFideId "12926213"]
[EventCountry "GER"]
[EventRounds "9"]
[EventType "swiss"]
[EventDate "2011.06.11"]

1. d4 g6 2. Nf3 Bg7 3. e3 d6 4. Bd3 Nc6 5. O-O e5 6. c3 d5 7. dxe5 Nxe5 8. Nxe5
Bxe5 9. Nd2 f5 10. Nf3 Bg7 11. c4 b6 12. cxd5 Qxd5 13. Qe2 Bb7 14. Rd1 O-O-O
15. Rd2 Qa5 16. e4 Nf6 17. exf5 Rhe8 18. Qd1 Rxd3 19. Rxd3 Bxf3 20. Bd2 Bxd1
21. Bxa5 Bc2 22. Rd2 Bxf5 23. Bc3 Ne4 24. Re2 Bxc3 25. bxc3 Rd8 26. Rc1 Nxc3
27. Ree1 h5 28. h3 Nd5 29. Re5 Nb4 30. Re7 Rd7 31. Re8+ Kb7 32. a3 Nc6 33. Rg8
Nd4 34. Kh2 Nc2 35. a4 Rd2 36. f3 Ne3 0-1

[Event "ODEM U25B 2011"]
[Site "Oberhof GER"]
[Date "2011.06.12"]
[Round "2"]
[White "Kempe, Markus"]
[Black "Resch, Andreas"]
[Result "1/2-1/2"]
[Termination "normal"]
[Board "6"]
[WhiteElo "1468"]
[BlackElo "1351"]
[PlyCount "42"]
[WhiteFideId "24692638"]
[EventCountry "GER"]
[EventRounds "9"]
[EventType "swiss"]
[EventDate "2011.06.11"]

1. e4 d5 2. exd5 Qxd5 3. Nc3 Qa5 4. d4 c6 5. Bd2 Bf5 6. Bc4 e6 7. d5 cxd5 8.
Nxd5 Qd8 9. Ne3 Bg6 10. Qe2 Nf6 11. O-O-O Be7 12. Nf3 O-O 13. Ne5 Be4 14. f3
Bc6 15. g4 Qc7 16. Bc3 a6 17. h4 b5 18. Nxc6 Nxc6 19. Bd3 b4 20. Bd2 Nd4 21.
Qg2 b3 1/2-1/2

[Event "ODEM U25B 2011"]
[Site "Oberhof GER"]
[Date "2011.06.12"]
[Round "2"]
[White "Müller, Philipp"]
[Black "Oltmanns, Bianca"]
[Result "0-1"]
[Termination "normal"]
[Board "7"]
[WhiteElo "1328"]
[BlackElo "1645"]
[PlyCount "86"]
[BlackFideId "24698008"]
[EventCountry "GER"]
[EventRounds "9"]
[EventType "swiss"]
[EventDate "2011.06.11"]

1. e4 e5 2. Nf3 Nf6 3. Nc3 Nc6 4. Bc4 Nxe4 5. Nxe4 d5 6. Bxd5 Qxd5 7. d3 Bg4 8.
Nc3 Qd7 9. h3 Bh5 10. g4 Bg6 11. Be3 O-O-O 12. Qd2 Bb4 13. Rg1 f5 14. Bg5 Rdf8
15. Nh4 Nd4 16. O-O-O Qf7 17. a3 Bxc3 18. Qxc3 Ne2+ 19. Kb1 Nxc3+ 20. bxc3 fxg4
21. Rxg4 Qxf2 22. Nxg6 hxg6 23. h4 Qe2 24. Rgg1 Rf2 25. Rc1 Qf3 26. Rge1 Qf5
27. Kb2 Re8 28. Be3 Rh2 29. Bg5 Qxd3 30. Red1 Qb5+ 31. Ka1 Rf2 32. Ka2 Rf3 33.
Rd2 Qc4+ 34. Kb2 Qxc3+ 35. Kb1 Qxa3 36. c4 Rb3+ 37. Kc2 Rc3+ 38. Kd1 Rxc1+ 39.
Ke2 Rxc4 40. Kf2 Rf8+ 41. Ke2 Re4+ 42. Kd1 Rf1+ 43. Kc2 Rc4# 0-1

[Event "ODEM U25B 2011"]
[Site "Oberhof GER"]
[Date "2011.06.12"]
[Round "2"]
[White "Buchallik, Jakob"]
[Black "Fabiunke, Jakob"]
[Result "1/2-1/2"]
[Termination "normal"]
[Board "8"]
[WhiteElo "1451"]
[BlackElo "1344"]
[PlyCount "96"]
[WhiteFideId "12945749"]
[BlackFideId "24686085"]
[EventCountry "GER"]
[EventRounds "9"]
[EventType "swiss"]
[EventDate "2011.06.11"]

1. e4 e5 2. Nf3 Nc6 3. Bc4 Bc5 4. c3 Nf6 5. d4 exd4 6. cxd4 Bb4+ 7. Nc3 Bxc3+
8. bxc3 Nxe4 9. Qb3 O-O 10. O-O Na5 11. Qc2 Nxc4 12. Qxe4 Re8 13. Qd5 Nb6 14.
Qb3 d6 15. Bg5 Qd7 16. Rfe1 h6 17. Bh4 Qc6 18. Rxe8+ Qxe8 19. Re1 Qc6 20. Re7
Be6 21. d5 Nxd5 22. Nd4 Nxe7 23. Nxc6 Bxb3 24. Nxe7+ Kf8 25. axb3 Re8 26. Kf1
g5 27. Bxg5 hxg5 28. Nd5 c6 29. Nf6 Re6 30. Nh7+ Kg7 31. Nxg5 Rg6 32. Nf3 b5
33. Nd4 d5 34. b4 Kf8 35. g3 Ke8 36. Kg2 Kd7 37. h4 Rg4 38. f3 Rg8 39. g4 Ra8
40. h5 a5 41. bxa5 Rxa5 42. h6 Ra8 43. Kg3 Rh8 44. g5 f6 45. f4 fxg5 46. fxg5
c5 47. Nxb5 Ke6 48. Kg4 Ke5 1/2-1/2

[Event "ODEM U25B 2011"]
[Site "Oberhof GER"]
[Date "2011.06.12"]
[Round "2"]
[White "von Reppert, Marc"]
[Black "Reyher, Susan"]
[Result "1-0"]
[Termination "normal"]
[Board "9"]
[WhiteElo "1438"]
[BlackElo "1320"]
[PlyCount "101"]
[WhiteFideId "12918130"]
[BlackFideId "24686107"]
[EventCountry "GER"]
[EventRounds "9"]
[EventType "swiss"]
[EventDate "2011.06.11"]

1. d4 d5 2. c4 dxc4 3. Nc3 Nf6 4. e4 e5 5. d5 c6 6. Bxc4 Bc5 7. Nf3 Bg4 8. Bg5
O-O 9. Qd3 Bd4 10. Nxd4 exd4 11. Qxd4 Nbd7 12. Bxf6 Qxf6 13. Qxf6 Nxf6 14. f3
Bh5 15. dxc6 bxc6 16. O-O-O Rab8 17. h4 h6 18. g4 Bg6 19. h5 Bh7 20. Rdg1 Rb4
21. b3 Nd7 22. f4 Nb6 23. a3 Rxc4 24. bxc4 Nxc4 25. f5 Nxa3 26. g5 hxg5 27.
Rxg5 f6 28. Rg2 Rf7 29. Rhg1 Kh8 30. Na4 Nb5 31. Nc5 Nd4 32. Rd2 Nf3 33. Rd8+
Bg8 34. Rh1 Ng5 35. h6 Nh7 36. Rd7 a5 37. Rxf7 Bxf7 38. hxg7+ Kxg7 39. Ne6+ Kg8
40. Rg1+ Kh8 41. Nd8 Bc4 42. Nxc6 a4 43. Kb2 Bd3 44. e5 Bxf5 45. exf6 Bd7 46.
f7 Nf8 47. Rg8+ Kh7 48. Rxf8 Be6 49. Rh8+ Kxh8 50. f8=Q+ Bg8 51. Ne7 1-0

[Event "ODEM U25B 2011"]
[Site "Oberhof GER"]
[Date "2011.06.12"]
[Round "2"]
[White "Goujov, Alexander"]
[Black "Martin, Raphael"]
[Result "1/2-1/2"]
[Termination "normal"]
[Board "10"]
[WhiteElo "1309"]
[BlackElo "1431"]
[PlyCount "73"]
[BlackFideId "12952036"]
[EventCountry "GER"]
[EventRounds "9"]
[EventType "swiss"]
[EventDate "2011.06.11"]

1. d4 d5 2. c4 e6 3. Nc3 Nf6 4. Bg5 c6 5. Nf3 Be7 6. e3 O-O 7. Qc2 Nbd7 8. a3
c5 9. dxc5 Bxc5 10. b4 Be7 11. c5 Qc7 12. Nd4 Ne5 13. Bf4 Nfd7 14. Ncb5 Qd8 15.
c6 bxc6 16. Nxc6 Nxc6 17. Qxc6 Nb6 18. Nc7 Bd7 19. Qc2 Rc8 20. Ba6 Rb8 21. Qe2
Bf6 22. Rc1 e5 23. Bg3 Qe7 24. O-O Qd6 25. Rfd1 Bc6 26. Nxd5 Nxd5 27. e4 Qe6
28. exd5 Bxd5 29. Rc5 Rfd8 30. Bxe5 Bxe5 31. Qd3 Bb2 32. Rxd5 Rxd5 33. Qxd5
Qxd5 34. Rxd5 Bxa3 35. Rd7 Bxb4 36. Rxa7 Bc5 37. Rb7 1/2-1/2